000 00388 a2200157 4500
001 74183
020 _a8573078391
040 _cAnchieta - Colégio São Paulo
100 _aPerrennoud, Philippe
240 1 0 _aA Pedagogia nas Escolas das Diferenças
_lpor
245 1 0 _aA Pedagogia nas Escolas das Diferenças
300 _a230
362 0 _a2001
650 4 _aEducação
942 _cBK
999 _c74183
_d74183